MARC

LEADER 00000nam0a2200000 4500
001 339219
005 20231102005125.0
035 |a (RuTPU)RU\TPU\book\365729 
090 |a 339219 
100 |a 20171214d1910 k y0rusy50 ca 
101 0 |a rus 
102 |a RU 
105 |a a z 001zy 
200 1 |a К вопросу о "спокойном" течении жидкости по каналу  |e [оттиск статьи]  |f Б. П. Вейнберг  |g Томский технологический институт, Физическая лаборатория 
210 |a Санкт-Петербург  |c Типография В. Киршбаума  |d 1910 
215 |a 10 с.  |c ил. 
225 1 |a Журнал Русского физико-химическаго общества. Физический отдел  |v Вып. 4 
320 |a Библиогр. в тексте 
606 1 |a Жидкости  |x Движение в каналах  |2 stltpush  |3 (RuTPU)RU\TPU\subj\10870  |9 37882 
610 1 |a физика 
610 1 |a гидравлика 
610 1 |a течения 
610 1 |a скорость 
610 1 |a внутреннее трение 
610 1 |a коллекция ТПУ 
610 1 |a труды учёных ТПУ 
610 1 |a лед 
610 1 |a ледники 
675 |a 532.543  |v 3 
700 1 |a Вейнберг  |b Б. П.  |c российский геофизик  |c профессор Томского технологического института (1909-1924)  |f 1871-1942  |g Борис Петрович  |2 stltpush  |3 (RuTPU)RU\TPU\pers\5705 
712 0 2 |a Томский технологический институт  |b Физическая лаборатория  |c (1896-1923)  |2 stltpush  |3 (RuTPU)RU\TPU\col\9244 
801 1 |a RU  |b 63413507  |c 20171214 
801 2 |a RU  |b 63413507  |c 20220708  |g RCR 
942 |c BK